| 000 | 00387nam a22001697a 4500 | ||
|---|---|---|---|
| 005 | 20180621102330.0 | ||
| 008 | 160601b xxu||||| |||| 00| 0 eng d | ||
| 020 | _a981243146-2 | ||
| 041 | _aeng | ||
| 082 |
_b6551 _a658 |
||
| 100 |
_aJakhotiya G. P. & others _91637 |
||
| 245 | _aCases in Management | ||
| 260 | _bThomson | ||
| 300 | _a332 | ||
| 650 |
_aManagement _9241 |
||
| 942 | _cBK | ||
| 999 |
_c2306 _d2305 |
||